| 000 | 00888nas a2200301 4500 | ||
|---|---|---|---|
| 001 | BR0205625 | ||
| 003 | BR-BrBNA | ||
| 005 | 20231205103403.0 | ||
| 007 | ta | ||
| 008 | 230509b bl.|||p| |||| 00| 00por d | ||
| 040 |
_aBR-BrBNA _bpor _cBiblioteca Nacional de Agricultura |
||
| 041 | _a(Pt) | ||
| 072 | _aH20; F30 | ||
| 100 | 1 | _aTruta, A.A.C. | |
| 100 | 1 | _aAraújo, E. | |
| 100 | 1 | _aSilva, V.F. da | |
| 245 | 1 | _aReações de cultivares e controle químico do mal-do-pé da batata doce na microrregião do brejo, Paraíba | |
| 650 | _aBATATA DOCE | ||
| 650 | _aFUNGO | ||
| 650 | _aESTUFA | ||
| 650 | _aFUNGICIDA | ||
| 650 | _aMAL-DO-PÉ | ||
| 650 | _aVARIEDADE RESISTENTE | ||
| 650 | _aPARAÍBA | ||
| 773 | 0 |
_tAgropecuária Técnica (Brazil) _xISSN 0100-7467 _g(2000), v. 21(1-2) p. 18-23 _wBR0205625 |
|
| 909 |
_a202311 _bLúcia _c55 _dLúcia Elande |
||
| 942 |
_2AGRIS _n0 _cANA |
||
| 999 |
_c172597 _d172597 |
||